Municipalities of Córdoba (Spain) - Statistics

General Stats
  • This quiz has been taken 177 times
  • The average score is 35 of 77
Answers on the Map
Answers color-coded by a green-red scale on the quiz's map according to % correct below.
 
Answer Stats
Answer % Correct
Córdoba
96%
Lucena
81%
Montilla
77%
Puente Genil
77%
Cabra
73%
Pozoblanco
73%
Priego de Córdoba
69%
La Carlota
67%
Montoro
67%
Villanueva de Córdoba
67%
Espejo
65%
Hornachuelos
65%
Fernán-Núñez
63%
Rute
63%
Baena
60%
Palma del Río
60%
Almodóvar del Río
58%
Benamejí
58%
Bujalance
58%
Fuente Obejuna
58%
Castro del Río
56%
Posadas
56%
Villa del Río
54%
Adamuz
52%
Aguilar de la Frontera
52%
El Viso
52%
Espiel
52%
Peñarroya-Pueblonuevo
52%
El Carpio
50%
Fuente Palmera
50%
Iznájar
50%
Belmez
48%
Hinojosa del Duque
48%
Luque
48%
Villafranca de Córdoba
48%
Villaviciosa de Córdoba
46%
Zuheros
46%
La Rambla
44%
Montemayor
44%
Monturque
44%
Montalbán de Córdoba
42%
Moriles
42%
Obejo
42%
Belalcázar
40%
Doña Mencía
40%
Dos Torres
38%
Nueva Carteya
38%
Palenciana
38%
Almedinilla
35%
Cardeña
35%
Encinas Reales
35%
Alcaracejos
33%
La Victoria
33%
Pedroche
33%
Santaella
33%
Cañete de las Torres
31%
Carcabuey
31%
Fuente Carreteros
31%
Villanueva del Duque
31%
Villanueva del Rey
31%
Guadalcázar
29%
Pedro Abad
29%
Villaharta
29%
Añora
27%
El Guijo
27%
Santa Eufemia
27%
Torrecampo
27%
Conquista
25%
San Sebastián de los Ballesteros
25%
Valenzuela
25%
La Granjuela
23%
La Guijarrosa
23%
Fuente-Tójar
21%
Los Blázquez
21%
Fuente la Lancha
19%
Valsequillo
19%
Villaralto
19%
No matching quizzes found
Score Distribution
Percent of People with Each Score
Percentile by Number Answered
Your Score History
You have not taken this quiz